Anatomy of animals: Studies in the forms of mammals and birds

The book describes and illustrates with detailed drawings general animal features such as hair, skin folds, nerves, glands, ligaments, and tendons. It then discusses general principles by a comprehensive study of the dog, and continues with other species such as the horse, giraffe, buffalo, lion, sp...

Full beskrivning

Sparad:
Bibliografiska uppgifter
Huvudupphovsman: Ernest E Thompson
Materialtyp: Bok
Språk:Undetermined
Publicerad: San Diego, California Academic Press 1996
Taggar: Lägg till en tagg
Inga taggar, Lägg till första taggen!
Thư viện lưu trữ: Trung tâm Học liệu Trường Đại học Cần Thơ
LEADER 00853nam a2200193Ia 4500
001 CTU_32724
008 210402s9999 xx 000 0 und d
020 |b 226.500đ 
082 |a 591.4 
082 |b T471 
100 |a Ernest E Thompson 
245 0 |a Anatomy of animals: Studies in the forms of mammals and birds 
245 0 |c Ernest E Thompson 
260 |a San Diego, California 
260 |b Academic Press 
260 |c 1996 
520 |a The book describes and illustrates with detailed drawings general animal features such as hair, skin folds, nerves, glands, ligaments, and tendons. It then discusses general principles by a comprehensive study of the dog, and continues with other species such as the horse, giraffe, buffalo, lion, sparrow, and peacock 
904 |i Minh, 990816 
980 |a Trung tâm Học liệu Trường Đại học Cần Thơ